The Cosmos (Record no. 14910)
[ view plain ]
| 000 -LEADER | |
|---|---|
| fixed length control field | 00578nam a2200217Ia 4500 |
| 003 - CONTROL NUMBER IDENTIFIER | |
| control field | IN-BaIIA |
| 008 - FIXED-LENGTH DATA ELEMENTS--GENERAL INFORMATION | |
| fixed length control field | 211028s9999 xx 000 0 eng d |
| 020 ## - INTERNATIONAL STANDARD BOOK NUMBER | |
| International Standard Book Number | 0-03-005218-1 |
| 040 ## - CATALOGING SOURCE | |
| Transcribing agency | IIA Library |
| 080 ## - UNIVERSAL DECIMAL CLASSIFICATION NUMBER | |
| Universal Decimal Classification number | 524.83 |
| Item number | PAS |
| 100 ## - MAIN ENTRY--PERSONAL NAME | |
| Personal name | Pasachoff, J. M |
| 9 (RLIN) | 13441 |
| 245 #4 - TITLE STATEMENT | |
| Title | The Cosmos |
| Remainder of title | astronomy in the new millenium |
| Statement of responsibility, etc. | J. M. Pasachoff |
| 260 ## - PUBLICATION, DISTRIBUTION, ETC. | |
| Place of publication, distribution, etc. | Forth Worth |
| Name of publisher, distributor, etc. | Harcourt |
| Date of publication, distribution, etc. | 2001 |
| 300 ## - PHYSICAL DESCRIPTION | |
| Extent | xxv, 395p. |
| 650 ## - SUBJECT ADDED ENTRY--TOPICAL TERM | |
| Topical term or geographic name entry element | Active |
| 9 (RLIN) | 26930 |
| 650 ## - SUBJECT ADDED ENTRY--TOPICAL TERM | |
| Topical term or geographic name entry element | Cosmic furnaces |
| 9 (RLIN) | 26931 |
| 650 ## - SUBJECT ADDED ENTRY--TOPICAL TERM | |
| Topical term or geographic name entry element | Cosmology |
| 650 ## - SUBJECT ADDED ENTRY--TOPICAL TERM | |
| Topical term or geographic name entry element | Sun |
| 9 (RLIN) | 1200 |
| 700 ## - ADDED ENTRY--PERSONAL NAME | |
| Personal name | Filippenko, A |
| 9 (RLIN) | 26932 |
| 942 ## - ADDED ENTRY ELEMENTS (KOHA) | |
| Koha item type | Books |
| Withdrawn status | Lost status | Damaged status | Not for loan | Home library | Current library | Shelving location | Date acquired | Source of acquisition | Cost, normal purchase price | Total Checkouts | Full call number | Barcode | Date last seen | Cost, replacement price | Price effective from | Koha item type | Purchase Price |
|---|---|---|---|---|---|---|---|---|---|---|---|---|---|---|---|---|---|
| IIA Library-Bangalore | IIA Library-Bangalore | General Stacks | 27/01/2003 | SSB | 1450.50 | 524.83/ PAS | 15832 | 05/11/2021 | 1450.50 | 27/01/2003 | Books | Rs. 1450.50 |